|
|
|
|
| LEADER |
00000nta a2200000 i 4500 |
| 001 |
dolg218 |
| 005 |
20150909091054.0 |
| 008 |
150305suuuu hu om 000 hun d |
| 040 |
|
|
|a BGE Dolgozattár Repozitórium
|b hun
|
| 041 |
|
|
|a hu
|
| 100 |
1 |
|
|a Horváth Zsófia
|
| 245 |
1 |
2 |
|a A Kaga Logistique Kft. logisztikai folyamatainak elemzése
|c Horváth Zsófia
|h [elektronikus dokumentum]
|
| 695 |
|
|
|a Logisztika
|
| 695 |
|
|
|a Textilipar
|
| 700 |
1 |
|
|a Orbán Dr. Gabriella
|e ths
|
| 856 |
4 |
0 |
|u http://dolgozattar.uni-bge.hu/218/1/Szakdolgozat_Horv%C3%A1th_Zs%C3%B3fia_CSIIZR.pdf
|z Dokumentum-elérés
|
| 856 |
4 |
0 |
|u http://dolgozattar.uni-bge.hu/218/7/CSIIZR.pdf
|z Dokumentum-elérés
|